Martín Rivas

Gorde:
Xehetasun bibliografikoak
Egile nagusia: Blest Gana, Alberto (Egilea)
Formatua: Liburua
Hizkuntza:gaztelania
Argitaratua: Santiago Andres Bello 1986
Gaiak:
Etiketak: Etiketa erantsi
Etiketarik gabe, Izan zaitez lehena erregistro honi etiketa jartzen!

MARC

LEADER 00000nam a2200000 a 4500
001 UCH6125
003 CL-VaPUC
008 091109e19860000CL |||||||||||||||||spa|d
082 0 4 |a Ch863  |b BLE  |2 21 
100 |a Blest Gana, Alberto  |e author  |9 344235 
245 1 0 |a Martín Rivas 
300 |a 362 p 
942 |c BK 
945 |d 20091109 00:00:00  |a lazolas 
260 |a Santiago  |b Andres Bello  |c 1986 
650 0 |a Novelas chilenas   |9 265425 
650 0 |a Literatura chilena   |9 308278 
583 |a last modification  |c 20091109 00:00:00  |k Rodrigo Vera 
999 |c 337083  |d 337081